000 00662cam2a220020500 4500
001 qce00820353
005 20190830103808.0
008 821101s1956 inua 000 0 eng d
035 _a(Sirsi) r111275
035 _a(QCAT)lss03578509
035 _a(UPRA)qce00820353
040 _dUPRA
100 1 _aForkosch, Morris D.
_6A71664.1
245 1 2 _aA treatise on administrative law.
260 _aIndianapolis :
_bBobbs-Merrill,
_c[1956]
504 _aBibliographical footnotes.
650 0 _aAdministrative law -- United States.
_zAdministrative law -- United States.
_6S32019.1
949 _aKB32
_wlcc
_i33729000483813
_mMAIN
_tBOOK
_lON-SHELF
004 111275
999 _c184892
_d184893